Borussia Dortmund current squad - Statistics

General Stats
  • This quiz has been taken 29 times
  • The average score is 15 of 25
Answer Stats
Number Player % Correct
1 Gregor Kobel
96%
25 Niklas Süle
92%
23 Emre Can
88%
15 Mats Hummels
85%
27 Karim Adeyemi
81%
11 Marco Reus
81%
4 Nico Schlotterbeck
73%
43 Jamie Bynoe-Gittens
69%
9 Sébastien Haller
69%
19 Julian Brandt
65%
14 Niclas Füllkrug
65%
26 Julian Ryerson
62%
18 Youssoufa Moukoko
62%
21 Donyell Malen
58%
5 Ramy Bensebaini
58%
6 Salih Özcan
58%
7 Giovanni Reyna
50%
8 Felix Nmecha
46%
20 Marcel Sabitzer
46%
33 Alexander Meyer
42%
16 Julien Duranville
31%
35 Marcel Lotka
31%
17 Marius Wolf
31%
24 Thomas Meunier
27%
2 Mateu Morey
23%
No matching quizzes found
Score Distribution
Percent of People with Each Score
Percentile by Number Answered
Your Score History
You have not taken this quiz